LIBRARY & INFORMATION CENTRE, KCAET, TAVANUR

ONLINE PUBLIC ACCESS CATALOGUE (OPAC)

Advances in chromosome and cell genetics / (Record no. 10286)

MARC details
000 -LEADER
fixed length control field 00516cam a2200193ua 4500
041 ## - LANGUAGE CODE
Language code of text/sound track or separate title eng
082 ## - DEWEY DECIMAL CLASSIFICATION NUMBER
Classification number 581.15
Item number ARU/AD
100 ## - MAIN ENTRY--AUTHOR NAME
Personal name Arunkumar, Sharma .
245 00 - TITLE STATEMENT
Title Advances in chromosome and cell genetics /
250 ## - EDITION STATEMENT
Edition statement 1 /
260 ## - PUBLICATION, DISTRIBUTION, ETC. (IMPRINT)
Place of publication New Delhi :
Name of publisher Oxford & IBH Publishing company ,
Year of publication 1985.
300 ## - PHYSICAL DESCRIPTION
Number of Pages 311 ; .
700 1# - ADDED ENTRY--PERSONAL NAME
Personal name Archana , Sharma .
942 ## - ADDED ENTRY ELEMENTS (KOHA)
Koha item type Books
Holdings
Withdrawn status Lost status Damaged status Home library Current library Date acquired Full call number Accession Number Koha item type
      KAUAET KAUAET 28/03/1987 581.15 ARU/AD 16310 Books
free website counter